বঙ্গদেশের ইতিহাস : (Record no. 44262)
[ view plain ]
| 000 -LEADER | |
|---|---|
| fixed length control field | 00878nam a22002297a 4500 |
| 001 - CONTROL NUMBER | |
| control field | 44262 |
| 003 - CONTROL NUMBER IDENTIFIER | |
| rucl marc code | BD-RjUL |
| 005 - DATE AND TIME OF LATEST TRANSACTION | |
| control field | 20211209053827.0 |
| 008 - FIXED-LENGTH DATA ELEMENTS--GENERAL INFORMATION | |
| fixed length control field | 160716s1963 ii ||||| |||| 00| 0 ben d |
| 020 ## - INTERNATIONAL STANDARD BOOK NUMBER | |
| Terms of availability | : IRs 15.00 |
| 035 ## - SYSTEM CONTROL NUMBER | |
| System control number | (BD-RjUL)44380 |
| 040 ## - CATALOGING SOURCE | |
| Original cataloging agency | BD-RjUL |
| Language of cataloging | ben |
| Transcribing agency | BD-RjUL |
| 041 ## - LANGUAGE CODE | |
| Language code of text/sound track or separate title | ben |
| 082 ## - DEWEY DECIMAL CLASSIFICATION NUMBER | |
| Edition number | 23 |
| Classification number | 954.02 |
| Author mark and year | MOB 1963 |
| 100 ## - MAIN ENTRY--PERSONAL NAME | |
| Personal name | মণ্ডল, সুশীলা |
| 9 (RLIN) | 135902 |
| 245 10 - TITLE STATEMENT | |
| Title | বঙ্গদেশের ইতিহাস : |
| Remainder of title | মধ্যযুগঃ প্রথম পর্ব / |
| Statement of responsibility, etc. | সুশীলা মণ্ডল |
| 260 ## - PUBLICATION, DISTRIBUTION, ETC. (IMPRINT) | |
| Place of publication, distribution, etc. | কলিকাতা : |
| Name of publisher, distributor, etc. | প্রকাশ মন্দির, |
| Date of publication, distribution, etc. | ১৯৬৩ |
| 300 ## - PHYSICAL DESCRIPTION | |
| Pagination | [৪৪], ৩৬০ পৃ. : |
| Illustrations | চিত্রাবলী ; |
| Size | ২৩ সেমি. |
| 650 ## - SUBJECT ADDED ENTRY--TOPICAL TERM | |
| Topical term or geographic name as entry element | ইতিহাস |
| Geographic subdivision | ভারত |
| 9 (RLIN) | 135903 |
| Topical term or geographic name as entry element | History |
| Geographic subdivision | India |
| 9 (RLIN) | 135904 |
| 942 ## - ADDED ENTRY ELEMENTS (KOHA) | |
| Source of classification or shelving scheme | Dewey Decimal Classification |
| Koha item type | Books |
| Lost status | Source of classification or shelving scheme | Damaged status | Not for loan | Collection code | Permanent Location | Current Location | Shelving location | Date acquired | Total Checkouts | Full call number | Date last seen | Copy number | Koha item type | Source of acquisition | Cost, normal purchase price |
|---|---|---|---|---|---|---|---|---|---|---|---|---|---|---|---|
| Dewey Decimal Classification | Non-fiction | Central Library, University of Rajshahi | Central Library, University of Rajshahi | 16/07/2016 | B 954.02 MOB 1963 | 16/07/2016 | C-2 | Books | |||||||
| Dewey Decimal Classification | Non-fiction | Central Library, University of Rajshahi | Central Library, University of Rajshahi | 08/05/1988 | B 954.02 MOB 1963 | 17/07/2016 | C-3 | Books | RUL | 15.00 | |||||
| Dewey Decimal Classification | Non-fiction | Central Library, University of Rajshahi | Central Library, University of Rajshahi | 08/05/1988 | B 954.02 MOB 1963 | 16/11/2016 | C-4 | Books | RUCL | 37.00 |